000 00705nam a22002292 4500
001 14653
003 BD-RjUL
005 20211208235652.0
008 140208s1961 xxk 001 0 eng d
035 _a(BD-RjUL )77281
_aOCLC ocm30226535 from D970905M
040 _aUKM
_cUKM
_dEQO
_dBD-RjUL
_beng
041 _aeng
082 0 4 _a635.93337
_218
_bHES 1961
100 1 _aHellyer, A. G. L.
_q(Arthur George Lee),
_d1903-
_945667
245 1 0 _aSimple rose growing /
_cA. G. L. Hellyer.
250 _a5th revised ed.
260 _aLondon :
_bCollingridge; Transatlantic Arts,
_c1961.
300 _a112 p. :
_bill. ;
_c20 cm.
504 _aIncludes index.
650 7 _aRose growing
_945668
942 _2ddc
_cBK
999 _c14653
_d14653